Đời sống động vật ở nước
Sinh vật ở nước với đời sống con người,hoạt đọng sống của động vật ở nước,khai thác và sử dụng nguồn lợi nước
Enregistré dans:
| Auteur principal: | |
|---|---|
| Format: | Livre |
| Langue: | Vietnamese |
| Publié: |
H.
Khoa học và kỹ thuật
1978
|
| Sujets: | |
| Tags: |
Ajouter un tag
Pas de tags, Soyez le premier à ajouter un tag!
|
| Thư viện lưu trữ: | Mạng thư viện Đại học Đà Nẵng |
|---|
| LEADER | 01178nam a2200325 4500 | ||
|---|---|---|---|
| 001 | 000008926 | ||
| 003 | 5120 | ||
| 005 | 20111021161053.0 | ||
| 008 | 111021s1978 viesd | ||
| 041 | 0 | |a vie | |
| 082 | |a 590 |b ĐĂ-T | ||
| 100 | 0 | |a Đặng Ngọc Thanh | |
| 245 | 0 | |a Đời sống động vật ở nước |c Đặng Ngọc Thanh | |
| 260 | |a H. |b Khoa học và kỹ thuật |c 1978 | ||
| 300 | |a 81tr. |b minh họa |c 19 cm | ||
| 520 | |a Sinh vật ở nước với đời sống con người,hoạt đọng sống của động vật ở nước,khai thác và sử dụng nguồn lợi nước | ||
| 650 | |a đời sống | ||
| 653 | |a động vật | ||
| 653 | |a nước | ||
| 910 | |a quỳnh |d 21/10/2011 | ||
| OWN | |a LSP | ||
| AVA | |a UDN50 |b LSP |d 590 ĐĂ-T |e available |t Error 5001 Not defined in file expand_doc_bib_avail. |f 8 |g 1 |h N |i 0 |k 1 | ||
| 999 | |a From the UDN01 | ||
| AVA | |a UDN50 |b LSP |d 590 ĐĂ-T |e available |t Error 5001 Not defined in file expand_doc_bib_avail. |f 8 |g 1 |h N |i 0 |k 1 | ||
| TYP | |a Monograph | ||
| TYP | |a Printed language | ||
| 980 | |a Mạng thư viện Đại học Đà Nẵng | ||